IEP Lyon : introduction aux sciences sociales : Karl Marx - Statistiques

Statistiques générales
  • Ce quiz a été pris 111 fois
  • Le résultat moyen est 16 sur 54
Statistiques - réponses
Introduction % Correct
Premier sociologue a avoir enseigné la sociologie à l'université. Émile Durkheim
66%
Dans quel contexte la pensée sociologique et la pensée de Karl Marx émergent-elles ? La révolution industrielle
61%
Quel philosophe lui aussi considéré comme un précurseur de la sociologie représente ce mouvement et est principalement connu pour ses travaux sur la démocratie en Amérique ? Alexis de Tocqueville
58%
Philosophe inventeur du terme "sociologie" (1798-1857). Auguste Comte
55%
Quel autre philosophe rencontre-i-il en exil à Londres, qui s'est déjà adonné à des enquêtes empiriques pré-sociologiques et avec qui Marx écrira beaucoup d'ouvrages communs ? Friedrich Engels
55%
Avec quelle discipline Marx veut-il rompre, jugeant qu'elle s'est contentée d'interpréter la société et le monde sans chercher à le transformer ? La philosophie
50%
Quelle est la classe sociale d'origine de Marx ? La bourgeoisie
48%
En quelle année a lieu la Commune de Paris, perçue par Marx comme le premier exemple de (concept précédent) ? 1871
47%
Une révolution politique, économique et sociale : La Révolution Française
47%
Il existe des pays dans lequel l'État est resté minimal, laissant place à un fort capitalisme et libéralisme économique, car n'a pas connu l'Ancien régime et n'a pas eu à se dégager des structures féodales. Citez l'exemple principal de ce type d'État. Les États-Unis
45%
Quel philosophe français, théoricien de l'anarcho-communisme, le jeune Karl Marx souhaite-il rencontrer, mais avec qui le courant ne passe pas (il voit Marx comme un jeune intellectuel loin des réalités sociales) ? Pierre-Joseph Proudhon
45%
Ces changements entraînent une perte de repères dans la société, on parle de "corps social malade" auquel s'intéressent les intellectuels de l'époque. Quelle révolte ouvrière durement réprimée survenue à Lyon est perçue par Marx comme un premier exemple de révolution venue des classes basses ? La révolte des Canuts
42%
Concept : groupe qui occupe une place déterminée dans l'appareil de production. Classe sociale
41%
Ensuite Marx a une lecture de l'État comme force servile au service des forces socio-économiques capitalistes dominantes. Quelle est la classe sociale qui propriétaire de l'État selon Marx (l'État serait devenu la propriété des propriétaires par la vente en bourse des emprunts d'État) ? La bourgeoisie
41%
Marx appelle au renversement révolutionnaire de la société capitaliste. Comment nomme-t-il l'étape transitoire entre capitalisme et communisme durant laquelle la propriété privée lucrative est abolie et les appareils de production collectivisés ? La dictature du prolétariat
41%
Marx considère deux classes. La bourgeoisie, classe dominante propriétaire des moyens de production qui exploite la classe ouvrière (via un concept déjà évoqué), contrôle l'État et impose son idéologie. Elle provoque l'avènement d'une classe révolutionnaire (lutte des classes, effet des contradictions internes de la société capitaliste). Comment appelle-t-on cette classe qui vend sa force de travail aux capitalistes ? Le prolétariat
41%
Concept : À la base de l'accumulation capitaliste, valeur du travail non payé (surtravail) effectué par les travailleurs. Au fondement des rapports sociaux de production capitaliste. Plus-value
41%
En quelle année écrivent-ils le "Manifeste du Parti Communiste ? 1847
39%
Chez quel philosophe, affirmant que l'État est la réalisation objective de l'histoire en tant qu'il est la seule forme juridique capable de réaliser la liberté des individus Marx a-t-il été forme ? Friedrich Hegel
38%
Une autre réponse propose de s'adapter à la modernité par le biais d'un élargissement du droit de vote, par l'élargissement des libertés... De quel mouvement s'agit-il ? (Le mouvement "..."). Libéral
38%
Concept : idée que le mouvement de l'histoire est déterminé par des facteurs matériels socio-économiques. Matérialisme historique
38%
Comment Marx appelle-t-il le fait pour une classe d'avoir une conscience collective de ses intérêts et par là même la constitue comme classe ? La conscience de classe
33%
Une révolution intellectuelle c'est-à-dire un changement de la perception qu'ont les individus des rapports sociaux, un changement des représentations du lien entre individu et société, permis par une une seconde révolution : La révolution industrielle
33%
Une dernière réponse radicale prône le renversement révolutionnaire de la société (inspiré par la Révolution Française) afin de faire appliquer l'égalité réel. Comme pourrait-on appeler les mouvements proposant cette réponse au sens large ? (Le "..."). Socialisme
33%
Philosophe précurseur des sciences politiques (1689-1755). Montesquieu
31%
... et les droits appliqués réellement appelés droits "..." réels
31%
Marx pointe une différence entre deux types de droits : les droits écrits sur le papier (exemple de la DDHC qui pour Marx n'est qu'une mystification bourgeoise), seulement théoriques, appelés droits "..." formels
28%
En quelle année a-t-elle lieu ? 1831
27%
3 réponses à ce malaise social : une réponse réactionnaire et traditionaliste qui prône un retour à un ordre ancien mystifié. Un certain représentant de ce mouvement est considéré comme une précurseur de la sociologie en raison de ses enquêtes empiriques dans les campagnes et le usines. Qui est-ce ? Frédéric Le Play
27%
Marx nuance cette dualité en considérant des subdivisions mais conserve deux groupes principaux et antagonistes. En effet leurs revenus respectifs n'ont pas la même nature. Quelle est la source de revenu de la bourgeoisie ? Le capital
27%
Comment pourrait-on définir Karl Marx dans le développement de la pensée sociologique ? pré-sociologue
27%
Quel auteur écrit "Les étapes de le pensée sociologique" en 1967 dans lequel il montre que la sociologie ne naît pas à un moment précis mais est le fruit d'un long processus. Raymond Aron
27%
Un certain auteur explique dans un certain livre paru en 1966 que deux révolutions furent nécessaires pour voir l'émergence de la pensée sociologique. Quel est cet auteur ? Robert Nisbet
25%
Concept : Méthode d'analyse des relations contradictoires dans une période historique donnée qui sont à l'origine du mouvement de l'histoire. -> Ainsi l'histoire est analysable par les conditions matérielles d'existence des individus et son mouvement est déterminé par les contradictions internes de la société et en l'occurrence de la société capitaliste. Dialectique
22%
Qu'est-ce que la révolution industrielle a rendu possible aux classes inférieures, accessible aux élites seulement sous l'ancien régime et qui se remarque avec, par exemple, l'apparition en France de la figure de l'ouvrier-paysans qui se déplace de la campagne à la ville selon la saison. La mobilité
22%
Quel ouvrage commun publient-ils en 1846 ? L'idéologie allemande
22%
Qu'est-ce qui change de statut avec la fin de l'ancien régime durant lequel quelques familles en avaient le monopole ? La propriété
20%
Quelle est la source de revenu de la seconde classe ? Le salaire
20%
Marx est un matérialiste (idée qu'il n'y a que de la matière et qu'elle prévaut sur les idées). Ainsi pour changer les consciences et les idées il faut modifier l'ordre matériel. Comment Marx appelle-t-il l'espace des biens matériels, de la production, des rapports socio-économiques (en l'occurrence les rapports de production capitalistes) ? Infrastructure
19%
Quel est ce livre ? La tradition sociologique
16%
La troisième : Moderne capitaliste
16%
Comment nomme-t-il le monde des idées, de la politique (en l'occurrence l'idéologie bourgeoise de la DDHC et de la Révolution Française) ? Superstructure
16%
avec une armature "..." bureaucratique
14%
un blindage "..." policier
14%
L'État peut être différent selon ses conditions "..." de création. historiques
13%
La deuxième : Médiévale féodale
13%
Complétez : En Prusse ou en France, Marx parle d'un État qui ne serait qu'un despotisme "..." militaire
13%
avec un enjolivement "...". Ces sociétés ont connu un système féodale, cela donne lieu à un État fort, assez autonome, qui domine la société civile. parlementaire
13%
Marx a d'abord une perception socio-historique de l'État et de la lutte des classes. Il distingue 3 grandes étapes de l'évolution des sociétés. La première (la société "...") : Antique esclavagiste
9%
Concept : Mystification, illusion collective que les humains produisent sur eux-mêmes, fruit d'une situation sociale et qui justifie l'ordre instauré en faveur de la classe dominante. Idéologie
9%
Quel organisme de l'État est perçu par Marx comme un parasite au cœur d'un État cannibale qui se nourrit aux dépends de la société civile ? La bureaucratie
9%
Dans quelle revue publie-t-il ces enquêtes qui ont pour but de comprendre le monde social afin de répondre à la question du malaise social ? La Réforme sociale
9%
Idée que l'État a pour seule fonction la production et la répartition des ressources et qu'il devient naturellement inutile lorsque ces fonctions sont assurées autrement que par lui. Dépérissement de l'État
8%
Force (institution, organisme) à travers laquelle l'État devient l'outil de cette classe. La police
8%
Aucun quiz correspondant
Distribution des résultats
% des personnes avec chaque résultat
Percentile par nombre de réponses
Votre historique - résultats
Vous n’avez pas pris ce quiz